[Event "RUS-Cup9"]
[Site "Novgorod"]
[Date "1997.06.16"]
[Round "5"]
[White "Vaulin, Alexander"]
[Black "Landa, Konstantin"]
[Result "1/2-1/2"]
[WhiteElo "2490"]
[BlackElo "2570"]

1.c4 e6 2.g3 d5 3.Bg2 Nf6 4.Nf3 Be7 5.d4 O-O 6.O-O dxc4 7.Qc2 a6 8.a4 Bd7
9.Qxc4 Bc6 10.Nc3 a5 11.Bg5 Nbd7 12.Rfe1 h6 13.Bxf6 Bxf6 14.e4 e5 15.Nd5 Bxd5
16.Qxd5 c6 17.Qb3 Qc7  1/2-1/2

[Event "RUS-Cup9"]
[Site "Novgorod"]
[Date "1997.06.17"]
[Round "6"]
[White "Evseev, Denis"]
[Black "Zagrebelny, Sergey"]
[Result "0-1"]
[WhiteElo "2370"]
[BlackElo "2480"]

1.d4 Nf6 2.c4 e6 3.g3 d5 4.Bg2 Be7 5.Nf3 O-O 6.O-O dxc4 7.Qc2 a6 8.a4 Bd7
9.Qxc4 Bc6 10.Bg5 a5 11.Nc3 Bxf3 12.Bxf3 c6 13.e4 Na6 14.Rfd1 Nb4 15.Rac1 Rc8
16.Qe2 h6 17.Be3 Re8 18.e5 Nd7 19.Be4 Bf8 20.h4 Be7 21.Bb1 Nf8 22.Qg4 Kh8
23.Ne4 Nd5 24.Kg2 Rc7 25.Qh5 Kg8 26.Bg5 hxg5 27.hxg5 Ng6 28.Kf3 Bb4 29.Rh1 Kf8
30.Qh7 Ke7 31.Qxg7 Rg8 32.Qh7 Rh8 33.Qg7 Qf8 34.Qxf8+ Kxf8 35.Rxh8+ Nxh8
36.Rh1 Ng6 37.Nf6 Nxf6 38.gxf6 Ke8 39.Bxg6 fxg6 40.Rh6 g5 41.Kg4 Bf8 42.Rh8 Rd7
43.Kxg5 Rxd4 44.f4 b5 45.Kg6 Rd3 46.g4 Rd4 47.g5 Rxf4 48.Rh7 Rf5 49.axb5 cxb5
50.Ra7 Bb4 51.Ra8+ Kd7 52.Kf7 Rxg5 53.Ra7+ Kc6 54.Kxe6 a4 55.f7 Rg2 56.Kf6 Rf2+
57.Kg7 Kd5 58.Rb7 Kc6 59.Ra7 Rxb2 60.e6 Rg2+ 61.Kf6 Rf2+ 62.Ke5 a3 63.e7 Bxe7
64.Rxe7 Kc5 65.Ra7 b4 66.Ke6 Kc4 67.Ra8 Kc3 68.Ra5 Rxf7 69.Kxf7 Kb2 70.Ke6 b3
71.Kd5 Ka2  0-1

[Event "Drury Lane"]
[Site "London"]
[Date "1997.06.22"]
[Round "7"]
[White "Dunnington, Angus J"]
[Black "Parker, Jonathan"]
[Result "1/2-1/2"]
[WhiteElo "2445"]
[BlackElo "2495"]

1.d4 d5 2.Nf3 Nf6 3.c4 e6 4.g3 Be7 5.Bg2 O-O 6.O-O dxc4 7.Qc2 a6 8.Qxc4 b5
9.Qc2 Bb7 10.Bg5 Nbd7 11.Bxf6 Nxf6 12.Nbd2 Rc8 13.Nb3 c5 14.dxc5 a5 15.a4 Be4
16.Qc3 b4 17.Qe3 Bd5 18.Rfd1 Qc7 19.Nfd4 Bxg2 20.Kxg2 Bxc5 21.Rac1 Bxd4 22.Qxd4 Qb7+
23.Kg1 Qa6 24.Rxc8 Rxc8 25.Qd8+ Ne8 26.Qxa5 Qxe2 27.Rd8 Qe1+ 28.Kg2 Qe4+
29.Kg1 Qe1+ 30.Kg2 Qe4+ 31.Kg1 Qe1+  1/2-1/2

[Event "Oberwart op"]
[Site "Oberwart"]
[Date "1997.07.11"]
[Round "7"]
[White "Weiss, Christian"]
[Black "Gneiss, Karl"]
[Result "1-0"]
[WhiteElo "2315"]
[BlackElo "2165"]

1.d4 Nf6 2.c4 e6 3.g3 d5 4.Bg2 Be7 5.Nf3 O-O 6.O-O Nbd7 7.Nc3 dxc4 8.e4 Nb6
9.Be3 Ng4 10.Bf4 c5 11.d5 exd5 12.exd5 Bd6 13.Bxd6 Qxd6 14.Nd2 f5 15.a4 a5
16.Nb5 Qh6 17.h3 Nf6 18.Nc7 Rb8 19.Rc1 f4 20.g4 Bd7 21.Nxc4 f3 22.Bxf3 Nxc4
23.Rxc4 Qxh3 24.Ne6 Rfe8 25.Re1 Bxe6 26.dxe6 Rbd8 27.Qe2 Rd6 28.Rc3 Qh6 29.Rxc5 Qd2
30.g5 Nd7 31.Qxd2 Rxd2 32.Rc7 Re7 33.Rxd7 Rdxd7 34.exd7 Rxe1+ 35.Kg2  1-0

[Event "Politiken Cup"]
[Site "Copenhagen"]
[Date "1997.07.12"]
[Round "7"]
[White "Grigorian, Meri"]
[Black "Pedersen, Thomas Vils"]
[Result "1-0"]
[WhiteElo "2085"]
[BlackElo "2165"]

1.d4 Nf6 2.c4 e6 3.Nf3 d5 4.g3 Be7 5.Bg2 O-O 6.O-O Nbd7 7.Qc2 c6 8.Bg5 b6
9.cxd5 cxd5 10.Nc3 Bb7 11.Rac1 Rc8 12.Qb3 Rc6 13.Bxf6 Bxf6 14.Nb5 a6 15.Rxc6 Bxc6
16.Nc3 b5 17.Rc1 Qa8 18.Qa3 a5 19.Qd6 Rd8 20.Qf4 b4 21.Nd1 Bb5 22.e4 dxe4
23.Nd2 Qb8 24.Qxe4 Nb6 25.Nf3 Ba6 26.Ne5 Bxe5 27.dxe5 Nc4 28.Ne3 Nxe5 29.Rc5 Nd3
30.Rh5 g6 31.Rxa5 Qc8 32.Qh4 Nxf2 33.Rxa6 Nd1 34.Ra8 Nxe3 35.Qxd8+ Qxd8 36.Rxd8+  1-0

[Event "Politiken Cup"]
[Site "Copenhagen"]
[Date "1997.07.14"]
[Round "9"]
[White "Adamski, Jan"]
[Black "Hansen, Lars Bo"]
[Result "1/2-1/2"]
[WhiteElo "2390"]
[BlackElo "2570"]

1.Nf3 Nf6 2.c4 e6 3.g3 d5 4.Bg2 Be7 5.d4 O-O 6.O-O c5 7.cxd5 Nxd5 8.dxc5 Na6
9.Qc2 Nxc5 10.Bg5 Bxg5 11.Nxg5 Qxg5 12.Qxc5 b6 13.Qc1 Qe5 14.Nc3 Nxc3 15.Qxc3 Qxc3
16.bxc3 Rb8 17.Rfd1 Ba6 18.Rd7 Bxe2 19.Rxa7 Rfc8 20.Rb1 Rxc3 21.Bf1 Bf3 22.Bg2 g5
23.Bxf3 Rxf3 24.Ra6 b5 25.Ra5 Rf5 26.a4 b4 27.Rxf5 exf5 28.a5 Kg7 29.a6 Kg6
30.a7 Ra8 31.Rxb4 Rxa7 32.h3 Re7 33.Kg2 Re4 34.Rb8 h6 35.Rg8+ Kf6 36.Rh8 Kg7
37.Ra8 Rb4 38.Rc8 h5 39.Rc6 h4 40.gxh4 Rxh4 41.Ra6 Rb4 42.Rc6 f6 43.Rc8 Rb3
44.Ra8 f4 45.Rc8 Rb7 46.Ra8 Kg6 47.Rg8+ Rg7 48.Ra8 Rh7 49.Rf8 Rh6 50.Rg8+ Kh5
51.Rf8 Kh4 52.Rf7 Kh5 53.Rf8 Kg6 54.Rg8+ Kf5 55.Ra8 Rh7 56.Ra5+ Kg6 57.Ra8 Rd7
58.Rg8+ Kf5 59.Ra8 Rd5 60.Ra6 Re5 61.Rb6 Re6 62.Rb4 Kg6 63.Rb8 Re7 64.Rg8+ Kf7
65.Ra8 Rd7 66.Rb8 f5 67.Rb6 Rd3 68.Ra6 Rc3 69.Rb6 Kg7 70.Ra6 Rc2 71.Rb6 Rc8
72.Ra6 Rf8 73.Rb6 Rf6 74.Rb5 Kg6 75.Rb8 g4 76.Rb5 Ra6 77.hxg4 fxg4 78.Rb8 Ra2
79.Rg8+ Kf5 80.Rf8+ Ke4 81.Re8+ Kd3 82.Rd8+ Kc2 83.Rd4 g3  1/2-1/2

[Event "Komercni Banka op"]
[Site "Pardubice"]
[Date "1997.07.18"]
[Round "2"]
[White "Stohl, Igor"]
[Black "Rodin, Mihail"]
[Result "1/2-1/2"]
[WhiteElo "2565"]
[BlackElo "2395"]

1.c4 e6 2.g3 d5 3.Bg2 Nf6 4.d4 Be7 5.Nf3 O-O 6.Qc2 dxc4 7.Qxc4 a6 8.Bf4 Nd5
9.Nc3 Nxf4 10.gxf4 Nc6 11.O-O Nb4 12.Rac1 c6 13.e3 Qb6 14.Rfd1 Nd5 15.Na4 Qb5
16.Qc2 Nb4 17.Qb3 Nd5 18.Qc2 Nb4 19.Qb3 Nd5 20.Nd2 Rb8 21.a3 Qxb3 22.Nxb3 b6
23.Nc3  1/2-1/2

[Event "Komercni Banka op"]
[Site "Pardubice"]
[Date "1997.07.22"]
[Round "6"]
[White "Vaulin, Alexander"]
[Black "Jirovsky, Milos"]
[Result "1-0"]
[WhiteElo "2530"]
[BlackElo "2480"]

1.d4 d5 2.c4 e6 3.Nf3 Nf6 4.g3 Be7 5.Bg2 O-O 6.O-O Nbd7 7.Qc2 c6 8.b3 b6
9.Rd1 Bb7 10.Nc3 Rc8 11.e4 a5 12.Bb2 Ba6 13.Bf1 Nb8 14.Bd3 g6 15.Ne5 Re8
16.Qe2 Bf8 17.Qf3 Bg7 18.Rac1 Re7 19.cxd5 cxd5 20.Bxa6 Nxa6 21.exd5 exd5
22.Nb5 Re6 23.Ba3 Ra8 24.Rc2 Qe8 25.Nd6 Qe7 26.Ndc4 Qd8 27.Ne3 b5 28.Rdc1 b4
29.Bb2 h5 30.Nc6 Qd7 31.Nxa5 Ne4 32.Nc6 Nc3 33.Ne5 Bxe5 34.dxe5 Rd8 35.Bxc3 bxc3
36.Rxc3 d4 37.Rd3 Rxe5 38.Rcd1 Nc5 39.Rxd4 Qxd4 40.Rxd4 Rxd4 41.Qf6 Nd7 42.Qd8+ Kg7
43.a4 h4 44.gxh4 Ree4 45.h5 Ne5 46.h6+ Kxh6 47.Qh8+ Kg5 48.h4+  1-0

[Event "Komercni Banka op"]
[Site "Pardubice"]
[Date "1997.07.24"]
[Round "8"]
[White "Vaulin, Alexander"]
[Black "Surjadnji, Aleksej"]
[Result "1-0"]
[WhiteElo "2530"]
[BlackElo "2440"]

1.c4 e6 2.g3 d5 3.Bg2 Nf6 4.Nf3 Be7 5.d4 O-O 6.O-O Nbd7 7.Qc2 c6 8.b3 Ne4
9.Nfd2 Nxd2 10.Nxd2 b6 11.e4 Bb7 12.Bb2 Rc8 13.Rad1 Qc7 14.Rfe1 Rfe8 15.Qc3 dxe4
16.Nxe4 Nf6 17.Ng5 h6 18.Nf3 Rcd8 19.Qe3 Bf8 20.Ne5 c5 21.Rd3 Bxg2 22.Kxg2 cxd4
23.Bxd4 Rc8 24.Red1 Red8 25.Bb2 Rxd3 26.Qxd3 Be7 27.Qf3 Bd6 28.Nd3 Nd7 29.Qg4 Ne5
30.Nxe5 Bxe5 31.Bxe5 Qxe5 32.Qd4 Qxd4 33.Rxd4 Rc7 34.Rd8+ Kh7 35.Kf3 Kg6
36.Ke4 Kf6 37.Ke3 Ke7 38.Rg8 g6 39.b4 h5 40.Kd4 Rd7+ 41.Kc3 Rc7 42.a4 Kd6
43.Rb8 Kc6 44.c5 Rd7 45.cxb6 axb6 46.Rc8+ Kb7 47.Rf8 Kc6 48.Kc4 e5 49.Rc8+ Kb7
50.Re8 Kc6 51.b5+ Kd6 52.Rc8 Ke7 53.Kc3 Rd4 54.Rc7+ Ke6 55.Rc6+ Kd5 56.Rxb6 Rxa4
57.Rf6 Kc5 58.Rxf7 Kxb5 59.Rf6 h4 60.Rxg6 Ra2 61.Rh6 hxg3 62.fxg3 Kc5 63.Kd3 Kd5
64.Ke3 Ra3+ 65.Kf2 Ke4 66.Kg2 Ra2+ 67.Kh3 Ra8 68.g4 Re8 69.Kg3 Kd3 70.Rd6+ Ke2
71.h4 e4 72.h5 e3 73.h6 Ke1 74.Ra6 e2 75.g5 Kd2 76.Ra2+ Kd3 77.Rxe2 Kxe2
78.h7 Ke3 79.Kg4 Ke4 80.g6 Rh8 81.Kg5 Ke5 82.Kh6 Ra8 83.g7  1-0

[Event "Lost Boys op"]
[Site "Antwerp"]
[Date "1997.08.07"]
[Round "6"]
[White "Wells, Peter K"]
[Black "Vaganian, Rafael A"]
[Result "0-1"]
[WhiteElo "2530"]
[BlackElo "2640"]

1.d4 d5 2.c4 e6 3.Nf3 Nf6 4.g3 Be7 5.Bg2 O-O 6.O-O c6 7.Nc3 Nbd7 8.b3 b6
9.Nd2 b5 10.e4 bxc4 11.bxc4 Ba6 12.Re1 Bb4 13.Bb2 Bxc4 14.Nxc4 dxc4 15.Qc2 Nb6
16.a3 Ba5 17.Red1 Rb8 18.Ne2 Qe7 19.a4 c5 20.dxc5 Qxc5 21.Ba3 Bb4 22.Bxb4 Qxb4
23.a5 Nbd7 24.Ra4 Qb5 25.Qxc4 Qh5 26.Qc2 Rfc8 27.Nf4 Qb5 28.Qa2 Nc5 29.Rc4 Rd8
30.Rxd8+ Rxd8 31.Qc2 Ncd7 32.Rc8 Qxa5 33.e5 g5 34.exf6 gxf4 35.Rxd8+ Qxd8
36.Qd2 Qc7 37.gxf4 Nxf6 38.f5 Qe5 39.fxe6 Qxe6 40.Qg5+ Kf8 41.Qa5 Qb6 42.Qa3+ Kg7
43.Qg3+ Kh8 44.Qa3 Qb8 45.Qc1 a5 46.Qc3 Qb1+ 47.Bf1 Qf5 48.Bd3 Qg4+ 49.Kf1 Qh3+
50.Ke2 Qh5+ 51.Ke1 Kg7 52.Bc2 Qg5 53.Kf1 h5 54.Bb3 Qb5+ 55.Kg2 Qb7+ 56.Kg1 Qb4
57.Qe3 Qe4 58.Qc1 Qe5 59.h3 Nh7 60.Qc4 Ng5 61.h4 Qe1+ 62.Kg2 Qe4+ 63.Kf1 Qxc4+
64.Bxc4 Nf3 65.Be2 Nd4 66.Bc4 Nf5  0-1

[Event "Berliner Sommer"]
[Site "Berlin"]
[Date "1997.08.13"]
[Round "5"]
[White "Mikhalevski, Victor"]
[Black "Bigaliev, Renat"]
[Result "1-0"]
[WhiteElo "2535"]
[BlackElo "2435"]

1.d4 Nf6 2.c4 e6 3.g3 d5 4.Nf3 Be7 5.Bg2 O-O 6.O-O c6 7.Qc2 Nbd7 8.b3 b6
9.Rd1 Bb7 10.Nc3 Rc8 11.e4 c5 12.exd5 exd5 13.Bb2 Re8 14.Ng5 h6 15.Nh3 cxd4
16.Rxd4 Ne5 17.Qd1 Bc5 18.Rd2 Bb4 19.Nf4 Qe7 20.Ncxd5 Nxd5 21.Nxd5 Bxd5 22.Rxd5 Nc6
23.Qg4 Qf8 24.Be4  1-0

[Event "Schwarzach op-A"]
[Site "Schwarzach"]
[Date "1997.08.27"]
[Round "5.5"]
[White "Burmakin, Vladimir"]
[Black "Martin, Andreas"]
[Result "1-0"]
[WhiteElo "2550"]
[BlackElo "2215"]

1.d4 Nf6 2.Nf3 e6 3.c4 d5 4.g3 Be7 5.Bg2 O-O 6.O-O Nbd7 7.Qc2 dxc4 8.Qxc4 a6
9.Qc2 c5 10.Rd1 cxd4 11.Nxd4 Bc5 12.Nc3 Qe7 13.h3 Rd8 14.Nb3 Bd6 15.Bg5 h6
16.Ne4 Be5 17.Nxf6+ Bxf6 18.Bxf6 Nxf6 19.Rxd8+ Qxd8 20.Rd1 Nd7 21.Nc5 Qc7
22.b4 Ra7 23.Rc1 b6 24.Nxe6 Qxc2 25.Rxc2 fxe6 26.Rxc8+ Kf7 27.f4 a5 28.bxa5 bxa5
29.Kf2 Nb6 30.Rc6 Na8 31.Ke3 Nc7 32.Rb6 Ke7 33.Kd4 Kd7 34.Bc6+ Kd6 35.Ba4+ Ke7
36.Ke5 Ra6 37.Rb7 Kd8 38.Rb8+ Ke7 39.e4 Ra7 40.Rb6 Ra6 41.Rb7 Kd8 42.Rb8+ Ke7
43.g4 Ra7 44.Rb6 Ra6 45.Rb7 Kd8 46.Rb8+ Ke7 47.h4 Ra7 48.Rb6 Ra6 49.Rb7 Kd8
50.Rb8+ Ke7 51.h5 Ra7 52.Rb6 Ra6 53.Rb7 Kd8 54.Rb8+ Ke7 55.g5 Ra8 56.Rb7 Rc8
57.g6  1-0

[Event "Schwarzach op-A"]
[Site "Schwarzach"]
[Date "1997.08.31"]
[Round "9.6"]
[White "Piven, Igor"]
[Black "Brumen, Dinko"]
[Result "1-0"]
[WhiteElo "2367"]
[BlackElo "2365"]

1.c4 e6 2.d4 Nf6 3.g3 d5 4.Bg2 Be7 5.Nf3 O-O 6.Qc2 Bd7 7.O-O dxc4 8.Qxc4 Bc6
9.Nc3 a6 10.Bg5 Nbd7 11.Rad1 h6 12.Bc1 Nb6 13.Qd3 Bb4 14.a3 Bxc3 15.Qxc3 Qe7
16.b3 Rfd8 17.Bh3 a5 18.Ne5 Bd5 19.f3 a4 20.bxa4 Rxa4 21.e4 Bc4 22.Rfe1 Nfd7
23.Nd3 Bxd3 24.Rxd3 Rc4 25.Qb3 e5 26.Bxd7 Qxd7 27.d5 Qa4 28.Be3 Rd6 29.Rb1 Qa6
30.Qb5 Kh7 31.Rdb3 Rf6 32.Bxb6 Rxb6 33.Qxa6 Rxa6 34.Rd1  1-0

[Event "Nordic-ch VISA"]
[Site "Reykjavik"]
[Date "1997.10.15"]
[Round "7"]
[White "Akesson, Ralf"]
[Black "Stefansson, Hannes"]
[Result "1/2-1/2"]
[WhiteElo "2520"]
[BlackElo "2545"]

1.d4 Nf6 2.c4 e6 3.g3 d5 4.Bg2 Be7 5.Nf3 O-O 6.O-O dxc4 7.Qc2 a6 8.a4 Bd7
9.Qxc4 Bc6 10.Bg5 a5 11.Nc3 Na6 12.Bxf6 Bxf6 13.e4 Nb4 14.Rfd1 g6 15.Qe2 Bg7
16.h4 Qe7 17.Qd2 Rad8 18.Rac1 f5 19.exf5 gxf5 20.Qe2 Bxf3 21.Qxf3 Bxd4 22.Qxb7 f4
23.Rxd4 Rxd4 24.Ne2 Rd7 25.Nxf4 e5 26.Nh3 Nd3 27.Rc4 Qf7 28.Rc2 Ne1 29.Ng5 Qf6
30.Bd5+ Kh8 31.Re2 Nd3 32.Qb5 Qd6 33.Be6 Re7 34.Rd2 e4 35.Qc4 Qb4 36.Nxe4 Qxc4
37.Bxc4 Ne1 38.Re2 Nf3+ 39.Kg2 Nd4 40.Re3 Nc2 41.Re2 Nd4  1/2-1/2

[Event "London"]
[Site "London"]
[Date "1997.10.19"]
[Round "3"]
[White "Dunnington, Angus J"]
[Black "Wells, Peter K"]
[Result "1/2-1/2"]
[WhiteElo "2420"]
[BlackElo "2530"]

1.d4 Nf6 2.Nf3 d5 3.c4 e6 4.g3 Be7 5.Bg2 O-O 6.O-O dxc4 7.Qc2 a6 8.Qxc4 b5
9.Qc2 Bb7 10.Bg5 Nbd7 11.Bxf6 Nxf6 12.Nbd2 Rc8 13.Nb3 c5 14.dxc5 Be4 15.Qc3 Bd5
16.Rfd1 Ne4 17.Qe1 Bxc5 18.Nxc5 Rxc5 19.Nd2 Qa8 20.Nxe4 Bxe4 21.Bxe4 Qxe4
22.Rac1 Rxc1 23.Rxc1 Qa4 24.a3 Qd4  1/2-1/2

[Event "Agios Nikolaos op"]
[Site "Agios Nikolaos"]
[Date "1997.10.22"]
[Round "?"]
[White "Wojtkiewicz, Aleksander"]
[Black "Bykhovsky, Anatoly A"]
[Result "1-0"]
[WhiteElo "2575"]
[BlackElo "2415"]

1.c4 e6 2.g3 d5 3.Bg2 Nf6 4.d4 Be7 5.Nf3 O-O 6.Qc2 dxc4 7.Nbd2 a6 8.Nxc4 Nc6
9.e3 Nb4 10.Qe2 b5 11.Nfe5 Nfd5 12.Na5 c5 13.Nac6 Nxc6 14.Nxc6 Qc7 15.Nxe7+ Qxe7
16.dxc5 Qxc5 17.Bd2 Qc2 18.Bb4 Qxe2+ 19.Kxe2 Re8 20.Ba5 Bb7 21.e4 Ne7 22.Rhd1 Rac8
23.Rac1 Rxc1 24.Rxc1 Rc8 25.Rd1 Kf8 26.Rd7 Bc6 27.Ra7 Ra8 28.Rc7 Rc8 29.Rxc8+ Nxc8
30.Bb4+ Ke8 31.Ke3 Nb6 32.b3 Nd7 33.Bh3 e5 34.f3 Kd8 35.Bf5 h6 36.h4 Ke8
37.h5 Bb7 38.Bd6 a5 39.Bc7 a4 40.Bd6 axb3 41.axb3 Bc6 42.Kd3 Kd8 43.Kc3 Kc8
44.Bxe5  1-0

[Event "Copa Itau Mercosul"]
[Site "Sao Paulo"]
[Date "1997.10.23"]
[Round "5"]
[White "Sorokin, Maxim"]
[Black "Rodrigues, Adriano Pfuhl"]
[Result "1-0"]
[WhiteElo "2555"]
[BlackElo "2300"]

1.Nf3 d5 2.d4 Nf6 3.c4 e6 4.g3 Be7 5.Bg2 O-O 6.O-O dxc4 7.Qc2 a6 8.a4 Nbd7
9.Rd1 c5 10.Nbd2 cxd4 11.Nxc4 Bc5 12.Nxd4 Qe7 13.Nb3 Bb4 14.Bd2 Rb8 15.Bxb4 Qxb4
16.Rd4 Qe7 17.Rc1 e5 18.Rdd1 Nc5 19.Nba5 Bg4 20.Ne3 Ne6 21.Nxg4 Nxg4 22.e3 Nf6
23.Qf5 Nc5 24.Qc2 Ne6 25.Qc3 e4 26.Qe5 Rbd8 27.Bxe4 Nxe4 28.Qxe4 Rxd1+ 29.Rxd1 b6
30.Nc6 Qf6 31.Qe5 Qf3 32.Qd5 Qf6 33.b4 h6 34.h4 g5 35.hxg5 Nxg5 36.f4 Qc3
37.fxg5 Qxe3+ 38.Kh2 Qe2+ 39.Kh1 Re8 40.g6  1-0

[Event "Copa Itau Mercosul"]
[Site "Sao Paulo"]
[Date "1997.10.23"]
[Round "5"]
[White "Slipak, Sergio"]
[Black "Hoffman, Alejandro"]
[Result "0-1"]
[WhiteElo "2515"]
[BlackElo "2465"]

1.c4 e6 2.Nf3 Nf6 3.g3 d5 4.d4 Be7 5.Bg2 O-O 6.O-O c6 7.Nbd2 b6 8.b3 Bb7
9.Bb2 Na6 10.Ne5 c5 11.e3 Rc8 12.Qe2 Rc7 13.Ndf3 Ne4 14.cxd5 exd5 15.dxc5 Naxc5
16.b4 Na4 17.Bd4 Nac3 18.Qb2 Ba6 19.Qa3 Qc8 20.Bh3 Ne2+ 21.Kg2 f5 22.Bb2 g5
23.g4 h5 24.gxf5 g4 25.Nxg4 hxg4 26.Bxg4 Bf6 27.h3 Rg7 28.Nh4 Bc4 29.Ng6 Bxb2
30.Qxb2 Rxf5 31.Qxg7+ Kxg7 32.Ne7 Rxf2+ 33.Rxf2 Qe8 34.Nf5+ Kh8 35.Rxe2 Bxe2
36.Bxe2 Qf8 37.Rf1 Qxb4 38.Nd4 Qa3 39.Rf3 Qxa2 40.h4 Nc3 41.Rf2 Nxe2 42.Rxe2 Qa3
43.Kf3 Qd3 44.Kf4 Qe4+ 45.Kg5 a5 46.Nf5 b5 47.Re1 b4 48.Rc1 Qe8 49.Kf6 b3
50.Nd6 b2 51.Rf1 Qxe3 52.Nf5 Qb6+  0-1

[Event "Copa Itau Mercosul"]
[Site "Sao Paulo"]
[Date "1997.10.25"]
[Round "8"]
[White "Marques, Vinicius"]
[Black "Sega, Carlos Alberto"]
[Result "1/2-1/2"]
[WhiteElo "2255"]
[BlackElo "2320"]

1.d4 Nf6 2.Nf3 e6 3.g3 d5 4.Bg2 Be7 5.c4 O-O 6.O-O dxc4 7.Qc2 a6 8.a4 Nbd7
9.Rd1 c5 10.Nbd2 Rb8 11.Nxc4 b5 12.axb5 Rxb5 13.Nfe5 Nxe5 14.dxe5 Nd7 15.Be4 h6
16.Bc6 Qc7 17.Bxb5 axb5 18.Nd6 Nxe5 19.Nxb5 Qb6 20.Bf4 Ng6 21.Nd6 Nxf4 22.Nxc8 Nxe2+
23.Qxe2 Rxc8 24.Qa6 Qxa6 25.Rxa6 Bf6 26.Rb6 Rc7 27.Kg2 Kh7 28.Kf3 Ra7 29.Rd2 Kg6
30.Rb5 Bd4 31.Ke2 e5 32.h3 f6 33.h4 h5 34.Rb6 Re7 35.Rd6 Rb7 36.Rc6 Rb5 37.Rc7 Rb3
38.Rc6  1/2-1/2

[Event "Bahn-chT S+W"]
[Site "Friedrichroda"]
[Date "1997.10.26"]
[Round "1.4"]
[White "Kuebert, Bernhard"]
[Black "Raetsch, Kurt"]
[Result "1-0"]
[WhiteElo "1904"]
[BlackElo "1802"]

1.c4 e6 2.Nf3 d5 3.d4 Nf6 4.g3 Be7 5.Bg2 c6 6.O-O dxc4 7.a4 O-O 8.Qc2 Nbd7
9.Qxc4 Nb6 10.Qc2 Nbd5 11.Nc3 Bd7 12.e4 Nxc3 13.bxc3 c5 14.Rd1 cxd4 15.cxd4 Rc8
16.Qd3 Qc7 17.Ne5 Be8 18.Be3 Qc2 19.d5 Bd6 20.Qxc2 Rxc2 21.Nd3 Bb8 22.Bc5 exd5
23.exd5 Rxc5 24.Nxc5 b6 25.Ne4 Nxe4 26.Bxe4 Be5 27.Ra2 Bd6 28.a5 Bc5 29.axb6 Bxb6
30.Bc2 Bd7 31.Ba4 Bg4 32.Re1 Bf3 33.d6 Bd5 34.Rae2 Be6 35.d7 Rd8 36.Rc1 g6
37.Rc8 Kf8 38.Rxd8+ Bxd8 39.h4 Ke7 40.f3 Kd6 41.Kg2 Bb6 42.Rd2+ Ke7 43.g4 h6
44.Re2 Kd6 45.Kg3 Bc7 46.f4 Ke7 47.Kf3 Kd6 48.Rd2+ Ke7 49.h5 Ba5 50.Re2 Kf6
51.hxg6 fxg6 52.Re3 Bb6 53.Re1 Ba5 54.Re2 h5 55.gxh5 gxh5 56.Re5 Bg4+ 57.Kg3 Bc7
58.Re8  1-0

[Event "Bahn-chT S+W"]
[Site "Friedrichroda"]
[Date "1997.10.27"]
[Round "2.1"]
[White "Lodes, Hermann"]
[Black "Walther, Hans Wolfgang"]
[Result "1-0"]
[WhiteElo "2122"]
[BlackElo "2146"]

1.c4 e6 2.g3 Nf6 3.Bg2 d5 4.d4 Be7 5.Nf3 O-O 6.Qc2 Nbd7 7.O-O c6 8.b3 b5
9.Nbd2 Bb7 10.Bb2 bxc4 11.bxc4 c5 12.dxc5 Nxc5 13.Rfd1 Qa5 14.Ng5 Qa4 15.Qb1 g6
16.Qc1 Rac8 17.Qc3 Ncd7 18.h4 Ba8 19.h5 Bb4 20.Qb3 Qxb3 21.axb3 a5 22.hxg6 hxg6
23.e4 dxc4 24.Nxc4 Rfd8 25.Nxa5 Rc2 26.Bxf6 Rdc8 27.Rxd7 Rc1+ 28.Rxc1  1-0

[Event "AUT-chT9697-II"]
[Site "Austria"]
[Date "1997.10.??"]
[Round "?"]
[White "Almasi, Istvan"]
[Black "Donev, Ivo Hristov"]
[Result "1/2-1/2"]
[WhiteElo "2425"]
[BlackElo "2400"]

1.d4 d5 2.c4 e6 3.Nf3 Nf6 4.g3 Be7 5.Bg2 O-O 6.O-O dxc4 7.Qc2 a6 8.Qxc4 b5
9.Qc2 Bb7 10.Bd2 Be4 11.Qc1 b4 12.Bg5 Nbd7 13.Nbd2 Bd5 14.Ne5 Bxg2 15.Kxg2 c5
16.Nc6 Qe8 17.Bxf6 Nxf6 18.Nxe7+ Qxe7 19.Qxc5 Qb7+ 20.Nf3 Rfc8 21.Qe5 Rc2
22.Rfc1 Rac8 23.Rxc2 Rxc2  1/2-1/2

[Event "Bahn-chT S+W"]
[Site "Friedrichroda"]
[Date "1997.11.01"]
[Round "7.4"]
[White "Harzer, Paul"]
[Black "Lux, Juergen"]
[Result "1/2-1/2"]
[WhiteElo "2024"]
[BlackElo "1958"]

1.d4 Nf6 2.Nf3 d5 3.c4 e6 4.g3 Be7 5.Bg2 O-O 6.O-O c6 7.Nc3 Nbd7 8.Qd3 b6
9.e4 Ba6 10.b3 Rc8 11.Rd1 c5 12.exd5 exd5 13.Nb5  1/2-1/2

[Event "WchT 4th"]
[Site "Luzern"]
[Date "1997.11.01"]
[Round "8"]
[White "Gulko, Boris F"]
[Black "Khalifman, Alexander"]
[Result "1/2-1/2"]
[WhiteElo "2580"]
[BlackElo "2655"]

1.c4 e6 2.g3 Nf6 3.Bg2 d5 4.d4 Be7 5.Nf3 O-O 6.Qc2 c5 7.O-O cxd4 8.Nxd4 Nc6
9.Nxc6 bxc6 10.Rd1 Qb6 11.Nc3 Ba6 12.Be3 Qb7 13.cxd5 cxd5 14.Bd4 Rac8 15.Qb3 Bc5
16.Qxb7 Bxb7 17.e3 Bxd4 18.Rxd4 Rc5 19.Rad1 a5 20.Bf1 Bc6 21.h3 Rb8  1/2-1/2

[Event "RUS-Cup01 Chigorin mem"]
[Site "St Petersburg"]
[Date "1997.11.05"]
[Round "5"]
[White "Polovodin, Igor A"]
[Black "Asrian, Karen"]
[Result "1/2-1/2"]
[WhiteElo "2440"]
[BlackElo "2515"]

1.d4 d5 2.c4 e6 3.Nf3 Nf6 4.g3 Be7 5.Bg2 O-O 6.O-O dxc4 7.Qc2 a6 8.a4 Bd7
9.Qxc4 Bc6 10.Bf4 a5 11.Nc3 Na6 12.Rfd1 Nb4 13.Ne5 Bxg2 14.Kxg2 Nfd5 15.Nxd5 Qxd5+
16.Qxd5 Nxd5 17.Bd2 Rfd8 18.Nc4 Bb4 19.e4 Bxd2 20.Rxd2 Nb4 21.f3 f6 22.Kf2 Rd7
23.Rad1 b6 24.d5 exd5 25.exd5 Rad8 26.d6 cxd6 27.b3 d5 28.Nxb6 Rd6 29.Nc4 Rc6
30.Nxa5 Rc3 31.Nc4 Rxb3 32.Ne3 d4 33.Nf5 d3 34.Rc1 g6 35.Ne3 Nd5  1/2-1/2

[Event "AUT-chT2O 9798"]
[Site "Austria"]
[Date "1997.11.07"]
[Round "1"]
[White "Haba, Petr"]
[Black "Lehner, Oliver"]
[Result "1/2-1/2"]
[WhiteElo "2580"]
[BlackElo "2400"]

1.d4 Nf6 2.c4 e6 3.g3 d5 4.Bg2 Be7 5.Nf3 O-O 6.O-O dxc4 7.Qc2 a6 8.Qxc4 b5
9.Qc2 Bb7 10.Bf4 Nc6 11.Rd1 Nb4 12.Qc1 Rc8 13.Nc3 Nbd5 14.Nxd5 Bxd5 15.Be3 Be4
16.Ne1 Bxg2 17.Nxg2 Qd5 18.Nf4 Qb7 19.Nd3 Rfd8 20.f3 Nd5 21.Bf2 Nb4 22.Nc5 Bxc5
23.Qxc5 a5 24.Qc3 Qa6 25.e4 Nc6 26.Rac1 Ne7 27.Qc5 Rd7 28.Rd2 b4 29.Rc4 f5
30.b3 fxe4 31.fxe4 Rf8 32.Rdc2 h6 33.Qh5 Kh7 34.Qe2 Qb7 35.Rc5 Ng6 36.Rc6 Rdf7
37.Qa6 Qb8 38.Rxe6 Qd8 39.Be3 Nh4 40.Rxh6+ gxh6 41.Qxh6+ Kg8 42.gxh4 Rg7+
43.Rg2 Rxg2+ 44.Kxg2 Qe8 45.Qg5+ Kh7 46.Qh6+ Kg8 47.Qg5+  1/2-1/2

[Event "CZE-chT 9798"]
[Site "CZE"]
[Date "1997.11.15"]
[Round "1"]
[White "Jirovsky, Pavel"]
[Black "Mozny, Milos"]
[Result "1/2-1/2"]
[WhiteElo "2395"]
[BlackElo "2385"]

1.d4 d5 2.Nf3 Nf6 3.c4 e6 4.g3 Be7 5.Bg2 O-O 6.O-O c5 7.cxd5 exd5 8.Nc3 Nc6
9.Bg5 Be6 10.dxc5 d4 11.Na4 h6 12.Bf4 Qd7 13.Re1 Rad8 14.b3 Ng4 15.Rc1 g5
16.Bd6 Bxd6 17.cxd6 Qxd6 18.Nc5 Bc8 19.Qc2 Rfe8 20.Qb2 Qf6 21.Nd3 Nge5 22.Ndxe5 Nxe5
23.Red1 Nxf3+ 24.Bxf3 Re7 25.Rd2 Bh3 26.Rcd1 Rde8  1/2-1/2

[Event "Maroczy mem"]
[Site "Szeged"]
[Date "1997.11.15"]
[Round "2"]
[White "Miles, Anthony J"]
[Black "Ribli, Zoltan"]
[Result "1/2-1/2"]
[WhiteElo "2595"]
[BlackElo "2570"]

1.d4 Nf6 2.Nf3 d5 3.c4 e6 4.g3 Be7 5.Bg2 O-O 6.O-O dxc4 7.Qc2 a6 8.a4 Bd7
9.Qxc4 Bc6 10.Bg5 Bd5 11.Qc2 Be4 12.Qd1 c5 13.Nbd2 Bd5 14.dxc5 Nbd7 15.b4 a5
16.Qb1  1/2-1/2

[Event "Bar"]
[Site "Bar"]
[Date "1997.11.26"]
[Round "8"]
[White "Andersson, Ulf"]
[Black "Skembris, Spyridon"]
[Result "1-0"]
[WhiteElo "2640"]
[BlackElo "2470"]

1.Nf3 Nf6 2.c4 e6 3.g3 d5 4.d4 Be7 5.Bg2 O-O 6.O-O dxc4 7.Qc2 a6 8.Qxc4 b5
9.Qc2 Bb7 10.Bd2 Be4 11.Qc1 Nc6 12.Be3 b4 13.Nbd2 Bd5 14.Rd1 h6 15.Nb3 Bd6
16.Ne1 Qe8 17.Qc2 a5 18.Rac1 Ne7 19.Bd2 Bxg2 20.Kxg2 Qb5 21.Qc4 Qh5 22.f3 Nd7
23.Nd3 Nb6 24.Qc2 f5 25.Nbc5 Rf6 26.a3 bxa3 27.bxa3 Ned5 28.Ne5 Bxe5 29.dxe5 Rg6
30.Nd3 Rf8 31.Bf4 Qh4 32.Kh1 Qh5 33.a4 Kh7 34.Rb1 c5 35.Rxb6 Nxb6 36.Qxc5 Nxa4
37.Qa3 Rd8 38.Qxa4 Rd5 39.Kg2 Qh4 40.Qe8 Qh5 41.Qe7 Rd4 42.Rc1 a4 43.Rc8 Re4
44.e3  1-0

[Event "CZE-chT 9798"]
[Site "CZE"]
[Date "1997.12.14"]
[Round "4"]
[White "Konopka, Michal"]
[Black "Kalivoda, Jaroslav"]
[Result "1-0"]
[WhiteElo "2445"]
[BlackElo "2210"]

1.d4 d5 2.Nf3 Nf6 3.c4 e6 4.g3 Be7 5.Bg2 Nbd7 6.O-O O-O 7.Qc2 c6 8.b3 b6
9.Rd1 Bb7 10.Nc3 Rc8 11.e4 h6 12.Bf4 dxe4 13.Nxe4 Nxe4 14.Qxe4 Nf6 15.Qc2 Bd6
16.Bxd6 Qxd6 17.c5 bxc5 18.dxc5 Qc7 19.Nd2 Rfd8 20.Nc4 Rxd1+ 21.Rxd1 Rd8
22.b4 Rxd1+ 23.Qxd1 Nd5 24.a3 Bc8 25.Qd4 Kf8 26.Nd6 Bd7 27.Qd3 Nf6 28.Qa6 Ke7
29.Bf3 Ne8 30.Nc4 Nf6 31.Kg2 Kd8 32.Na5 Nd5 33.Qd3 Qe5 34.Qh7 Ke7 35.Nb7 Qg5
36.Qh8 Be8 37.Nd6 Bd7 38.h4 Qg6 39.Nc8+ Bxc8 40.Qxc8 Qc2 41.Qxc6 Ne3+ 42.Kg1 Qc1+
43.Kh2 Nf1+ 44.Kg2 Nd2 45.Be2 f5 46.Qd6+ Kf6 47.h5 Ne4 48.Qf8+ Ke5 49.Qxg7+ Kd5
50.Qd7+ Ke5 51.Qd8 Nxf2 52.Kxf2 a5 53.Qd6+ Kf6 54.bxa5 Qxa3 55.a6 f4 56.Qxf4+ Ke7
57.Qe3 Qa4 58.c6 Qxc6 59.a7 Qa4 60.Bf3 Qa2+ 61.Kg1 Qa1+ 62.Kg2 Qa3 63.Qxa3+  1-0

[Event "Karpov GM"]
[Site "Singapore"]
[Date "1997.12.21"]
[Round "9"]
[White "Tu Hoang Thong"]
[Black "Marentek, Hanny"]
[Result "0-1"]
[WhiteElo "2475"]
[BlackElo "2405"]

1.Nf3 d5 2.d4 Nf6 3.c4 e6 4.g3 Be7 5.Bg2 O-O 6.Qc2 b6 7.O-O Bb7 8.Ne5 Nbd7
9.Rd1 Nxe5 10.dxe5 Ng4 11.Qc3 Bc5 12.e3 f6 13.Bh3 Nxf2 14.Kxf2 fxe5+ 15.Kg1 Qf6
16.Qc2 Qh6 17.Bg2 Bxe3+ 18.Kh1 Bxc1 19.Qxc1 Qh5 20.Rd2 Rf3 21.cxd5 exd5 22.Na3 c5
23.Kg1 d4 24.Qd1 Raf8 25.Nc2 Qh6 26.Bxf3 Rxf3 27.Qe1 Qc6 28.h4 e4 29.Nxd4 cxd4
30.Rxd4 e3 31.Rd8+ Kf7 32.Kh2 Rf2+ 33.Kh3 Qg2+ 34.Kg4 Qf3+ 35.Kh3 Bc8+ 36.Rxc8 Qf5+  0-1